The Bible, Douay-Rheims, Old Testament — Part 2 (Record no. 230958)
[ view plain ]
| 000 -LEADER | |
|---|---|
| fixed length control field | 01580cam a22002533a 4500 |
| 001 - CONTROL NUMBER | |
| control field | 1610 |
| 003 - CONTROL NUMBER IDENTIFIER | |
| control field | PGUSA |
| 005 - DATE AND TIME OF LATEST TRANSACTION | |
| control field | 20140828083003.0 |
| 008 - FIXED-LENGTH DATA ELEMENTS--GENERAL INFORMATION | |
| fixed length control field | 990101s1999||||xxu|||||s|||||000 | eng d |
| 040 ## - CATALOGING SOURCE | |
| Original cataloging agency | PGUSA |
| Language of cataloging | eng |
| 042 ## - AUTHENTICATION CODE | |
| Authentication code | dc |
| 050 #4 - LIBRARY OF CONGRESS CALL NUMBER | |
| Classification number | BS |
| 245 14 - TITLE STATEMENT | |
| Title | The Bible, Douay-Rheims, Old Testament — Part 2 |
| Medium | [electronic resource] |
| 260 ## - PUBLICATION, DISTRIBUTION, ETC. (IMPRINT) | |
| Name of publisher, distributor, etc | Project Gutenberg, |
| Date of publication, distribution, etc | 1999 |
| 500 ## - GENERAL NOTE | |
| General note | Old Testament Part 2 is vol II of III. See also Complete (vol I-III) PG#8300 and Complete version (vol I-III with Appendices) PG#1581 and OT (vol I) PG#1609 and NT (vol III) PG#1582 |
| 505 0# - FORMATTED CONTENTS NOTE | |
| Formatted contents note | The Second Part of the Old Testament: Book of Psalms -- Book of Proverbs -- Ecclesiastes -- Solomon's Canticle of Canticles -- Book of Wisdom -- Ecclesiasticus -- Prophecy of Isaias -- Prophecy of Jeremias -- Lamentations of Jeremias -- Prophecy of Baruch -- Prophecy of Ezechiel -- Prophecy of Daniel -- Prophecy of Osee -- Prophecy of Joel -- Prophecy of Amos -- Prophecy of Abdias -- Prophecy of Jonas -- Prophecy of Micheas -- Prophecy of Nahum -- Prophecy of Habacuc -- Prophecy of Sophonias -- Prophecy of Aggeus -- Prophecy of Zacharias -- Prophecy of Malachias -- First Book of Machabees -- Second Book of Machabees -- Appendices: The Prayer of Manasses -- The Third Booke of Esdras -- The Fourth Booke of Esdras -- The Prophecie of Abdias. |
| 506 ## - RESTRICTIONS ON ACCESS NOTE | |
| Terms governing access | Public domain in the USA. |
| 516 ## - TYPE OF COMPUTER FILE OR DATA NOTE | |
| Type of computer file or data note | Electronic text |
| 653 ## - INDEX TERM--UNCONTROLLED | |
| Uncontrolled term | Religion |
| 653 ## - INDEX TERM--UNCONTROLLED | |
| Uncontrolled term | Bible. Old Testament |
| 830 #0 - SERIES ADDED ENTRY--UNIFORM TITLE | |
| Uniform title | Project Gutenberg |
| Volume number/sequential designation | 1610 |
| 856 40 - ELECTRONIC LOCATION AND ACCESS | |
| Uniform Resource Identifier | <a href="http://www.gutenberg.org/ebooks/1610">http://www.gutenberg.org/ebooks/1610</a> |
| 942 ## - ADDED ENTRY ELEMENTS (KOHA) | |
| Koha item type | eBooks |
| Withdrawn status | Lost status | Damaged status | Home library | Current library | Date acquired | Total Checkouts | Date last seen | Price effective from | Koha item type |
|---|---|---|---|---|---|---|---|---|---|
| Project Gutenberg | Project Gutenberg | 08/28/2014 | 08/28/2014 | 08/28/2014 | eBooks |